The TV guide almanac /

Bibliographic Details
Main Author: Norback, Craig T.
Other Authors: Norback, Peter G.
Format: Book
Language:English
Published: New York : Ballantine Books, 1980.
Edition:1st Ballantine Books ed.
Subjects:

MARC

Tag First Indicator Second Indicator Subfields
LEADER 00000cam a22000008i 4500
001 in00000093260
005 20150925085440.0
008 790518s1980 nyu 00110 eng
010 |a  79015240  
020 |z 0345285662. 
020 |a 0345276884 (pbk.) 
035 |a (OCoLC)05101664 
035 |9 AAL1850AM 
040 |a DLC  |c DLC  |d TXA  |d UtOrBLW 
043 |a n-us--- 
049 |a TXAM  |c [1191259] 
050 0 0 |a PN1992.3.U5  |b N6 
082 0 |a 384.55/4/0973 
100 1 |a Norback, Craig T. 
245 1 4 |a The TV guide almanac /  |c compiled and edited by Craig T. and Peter G. Norback and the editors of TV guide magazine. 
250 |a 1st Ballantine Books ed. 
263 |a 7911 
264 1 |a New York :  |b Ballantine Books,  |c 1980. 
300 |a 680 pages ;  |c 24 cm. 
336 |a text  |b txt  |2 rdacontent 
337 |a unmediated  |b n  |2 rdamedia 
338 |a volume  |b nc  |2 rdacarrier 
500 |a Includes index. 
650 0 |a Television broadcasting  |z United States  |x Handbooks, manuals, etc. 
700 1 |a Norback, Peter G. 
730 0 |a TV guide. 
999 |a MARS 
999 f f |s 648d0585-7150-3503-af2c-56b45c9481c0  |i 9b2b208b-4ad6-3e67-953c-0546f68331a3  |t 0 
952 f f |p ric  |a Texas A&M University  |b Rellis Campus  |c Joint Library Facility  |d Remote Storage  |t 0  |e PN1992.3.U5 N6  |h Library of Congress classification  |i unmediated -- volume  |m A14803683595 
998 f f |a PN1992.3.U5 N6  |t 0  |l Remote Storage